000 00729pam a2200229 a 4500
001 2909435
005 20180205072422.0
008 880916s1989 enka b 001 0 eng
010 _a 88007647
020 _a0198244746 :
_c£25.00
040 _aDLC
_cDLC
_dDLC
041 _aeng
080 _a363
082 0 0 _a363 JAS
_219
100 1 _a50
101 _aSOC
245 1 0 _aSocial contract, free ride :
_cAnthony de Jasay.
504 _aBibliography: p. [245]-248.
906 _a7
_bcbc
_corignew
_d1
_eocip
_f19
_gy-gencatlg
942 _2ddc
_cBK
999 _c41764
_d41764